Prestavba hospodárskeho mechanizmu výsledky ekonomického výskumu na VŠE v prvej etape: január 1986 - jún 1988

Guardado en:
Detalles Bibliográficos
Formato: Libro
Lenguaje:eslovaco
Publicado: Bratislava VŠE 1988
Etiquetas: Agregar Etiqueta
Sin Etiquetas, Sea el primero en etiquetar este registro!

MARC

LEADER 00000nam a2200000 4500
001 c030706
005 20260325131604.2
041 0 |a slo 
044 |a SK 
245 1 0 |a Prestavba hospodárskeho mechanizmu  |b výsledky ekonomického výskumu na VŠE v prvej etape: január 1986 - jún 1988 
264 1 |a Bratislava  |b VŠE  |c 1988 
300 |a 140 s.